[Event "ICS rated standard match"]
[Site "204.178.125.65"]
[Date "2000.02.11"]
[Round "?"]
[White "Hossa"]
[Black "deck"]
[Result "1-0"]
[WhiteElo "2259"]
[BlackElo "2058"]
[PlyCount "57"]

1. e4 c5 2. c3 d5 3. exd5 Qxd5 4. d4 Nc6 5. Nf3 Bg4 6. Be2 e6 7. O-O cxd4 8.
cxd4 Nf6 9. Be3 Be7 10. Nc3 Qd6 11. Nb5 Qb8 12. Rc1 a6 13. Nc3 Qd6 14. h3 Bh5
15. Qb3 Qb4 16. Qxb4 Bxb4 17. Rfd1 Rd8 18. Na4 Bxf3 19. Bxf3 Nd5 20. a3 Be7 21.
Nc5 Bxc5 22. Rxc5 Nxe3 23. fxe3 Rc8 24. Rdc1 Kd7 25. d5 Ne7 26. dxe6+ fxe6 27.
Rd1+ Nd5 28. Rdxd5+ exd5 29. Bg4+ 1-0

[Event "ICS rated standard match"]
[Site "204.178.125.65"]
[Date "2000.02.11"]
[Round "?"]
[White "megacapa"]
[Black "Hossa"]
[Result "0-1"]
[WhiteElo "2047"]
[BlackElo "2267"]
[PlyCount "72"]

1. e4 e5 2. Nf3 Nc6 3. Nc3 Nf6 4. Bb5 Bb4 5. O-O O-O 6. d3 d6 7. Bg5 Bxc3 8.
bxc3 Qe7 9. Re1 Nd8 10. d4 Ne6 11. Bc1 c5 12. d5 Nc7 13. Bf1 b5 14. c4 bxc4 15.
c3 Ba6 16. Nd2 Rab8 17. Nxc4 Bxc4 18. Bxc4 Rb7 19. a4 Rfb8 20. Ba3 Nd7 21. Ba2
Qh4 22. g3 Qh3 23. Qc2 f5 24. exf5 Rf8 25. Rab1 Rb6 26. a5 Rb5 27. Qa4 Rxb1 28.
Bxb1 Nf6 29. f3 Ncxd5 30. Qc4 Qh6 31. Bc1 Qh5 32. g4 Qh4 33. Rd1 Kh8 34. Kg2
Rb8 35. Bc2 Rb2 36. Qd3 e4 0-1

[Event "ICS rated blitz match"]
[Site "204.178.125.65"]
[Date "2000.02.11"]
[Round "?"]
[White "PostModernist"]
[Black "Hossa"]
[Result "1/2-1/2"]
[WhiteElo "2592"]
[BlackElo "2476"]
[PlyCount "202"]

1. d4 d5 2. c4 e6 3. Nc3 Nf6 4. Nf3 Be7 5. Bg5 h6 6. Bh4 Nc6 7. e3 g5 8. cxd5
exd5 9. Bg3 Ne4 10. Bb5 Nxg3 11. hxg3 Qd6 12. Qb3 a6 13. Bxc6+ bxc6 14. Ne5 h5
15. O-O-O a5 16. g4 h4 17. e4 a4 18. Nxa4 Qb4 19. Nc3 Qxb3 20. axb3 Bb7 21. Kc2
dxe4 22. Nxe4 c5 23. Rhe1 cxd4 24. Rxd4 O-O 25. Nd7 Rfc8 26. f3 Bc6 27. Ng3 Bd6
28. Nf6+ Kg7 29. Nfh5+ Kh8 30. Nf5 Bf8 31. Re5 Bd6 32. Nxd6 cxd6 33. Rxd6 Bxf3+
34. Kb1 Rc6 35. Rxc6 Bxc6 36. Rxg5 Be4+ 37. Kc1 Ra1+ 38. Kd2 Rb1 39. Kc3 Rf1
40. g3 hxg3 41. Nxg3 Rf3+ 42. Kd4 Bg6 43. Nh5 Rxb3 44. Rd5 Rxb2 45. Nf6 Kg7 46.
g5 Rg2 47. Ne8+ Kf8 48. Nd6 f6 49. gxf6 Rd2+ 50. Ke5 Rxd5+ 51. Kxd5 Bf7+ 52.
Kd4 Bg6 53. Ke5 Kg8 54. Ke6 Bd3 55. Ke7 Bg6 56. Nf5 Bh5 57. Nh6+ Kh8 58. Ng4
Bg6 59. Ne5 Bh5 60. Nd3 Kg8 61. Ne1 Bg6 62. Ng2 Bh5 63. Nf4 Bf7 64. Nh3 Bg6 65.
Ng5 Bh5 66. Ne6 Bg6 67. Nd4 Bh5 68. Nf5 Kh8 69. Ng7 Bg6 70. Kf8 Bh7 71. Ne6 Bg8
72. Ng5 Bd5 73. Ke7 Bg8 74. Kd7 Bd5 75. Kc7 Kg8 76. Kd6 Bf7 77. Ne6 Bh5 78. Ng7
Bg6 79. Ke6 Kh8 80. Ke7 Kh7 81. Nf5 Bh5 82. Ng7 Bg6 83. Kf8 Kh6 84. Ne6 Kh5 85.
Kg7 Be8 86. Nc7 Bg6 87. Nd5 Kg5 88. Ne7 Bh5 89. Nc6 Be8 90. Ne5 Kf5 91. Nd7 Bg6
92. Nc5 Bh5 93. Na4 Bg6 94. Nc3 Bh5 95. Nd5 Be8 96. Nc7 Bg6 97. Nb5 Bh5 98. Nc3
Be8 99. Nb5 Bh5 100. Na7 Be8 101. f7 Bxf7 1/2-1/2

[Event "ICS rated standard match"]
[Site "204.178.125.65"]
[Date "2000.02.12"]
[Round "?"]
[White "cwalter"]
[Black "Hossa"]
[Result "0-1"]
[WhiteElo "2039"]
[BlackElo "2274"]
[PlyCount "48"]

1. e4 e5 2. Nf3 Nc6 3. Bb5 Nf6 4. O-O Bc5 5. Nxe5 Nxe4 6. Qe2 Qe7 7. Qxe4 Nxe5
8. d4 Nc6 9. Qxe7+ Bxe7 10. c3 a6 11. Bc4 O-O 12. Re1 d6 13. Bd5 Re8 14. Bg5
Be6 15. Bxc6 bxc6 16. Bxe7 Rxe7 17. Nd2 Rae8 18. b3 Bg4 19. Rxe7 Rxe7 20. f3
Re2 21. Nc4 Be6 22. Na3 Bf5 23. Nc4 g6 24. a4 Rc2 0-1

[Event "ICS rated blitz match"]
[Site "204.178.125.65"]
[Date "2000.02.12"]
[Round "?"]
[White "Hossa"]
[Black "muhaha"]
[Result "0-1"]
[WhiteElo "2481"]
[BlackElo "2629"]
[PlyCount "84"]

1. e4 c5 2. Nf3 d6 3. d4 cxd4 4. Nxd4 Nf6 5. Nc3 Nc6 6. Bg5 e6 7. Qd2 Be7 8.
O-O-O O-O 9. Ndb5 Qa5 10. Bxf6 Bxf6 11. a3 Rd8 12. f4 d5 13. e5 Be7 14. Qd3 a6
15. Nd4 Nxd4 16. Qxd4 Bd7 17. Na2 Bc5 18. Qd3 Qb6 19. f5 exf5 20. Nc3 Qc7 21.
Nxd5 Qxe5 22. Qc3 Qxc3 23. Nxc3 Bc6 24. Rd3 Rac8 25. Rh3 Bd6 26. Ne2 Be7 27.
Rg3 Bh4 28. Rc3 Bg5+ 29. Kb1 Rd1+ 30. Ka2 Bf6 31. Rc5 Bd5+ 32. Rxd5 Rxd5 33.
Nf4 Rd4 34. g3 Rxc2 35. Nh5 Be5 36. Kb1 Rdd2 37. Nf4 Rxb2+ 38. Kc1 Rbc2+ 39.
Kb1 Ra2 40. Kc1 Rdb2 41. Bd3 Ra1+ 42. Bb1 Raxb1# 0-1

[Event "ICS Rated blitz match"]
[Site "204.178.125.65"]
[Date "2000.02.12"]
[Round "?"]
[White "Hossa"]
[Black "gambitmaster"]
[Result "0-1"]
[WhiteElo "2471"]
[BlackElo "2483"]
[PlyCount "168"]

1. e4 e5 2. Nf3 Nc6 3. Bb5 a6 4. Ba4 Nf6 5. O-O Be7 6. Re1 b5 7. Bb3 O-O 8. a4
b4 9. d3 d6 10. Nbd2 Bg4 11. h3 Bh5 12. c3 Rb8 13. Bc4 Qc8 14. Nb3 bxc3 15.
bxc3 Nd7 16. Bd5 Nd8 17. a5 c6 18. Bc4 d5 19. exd5 cxd5 20. Bxd5 Qxc3 21. Re3
Qc7 22. g4 Bg6 23. Bb2 Qd6 24. Bc4 Nc6 25. Bxa6 Bf6 26. Bc4 Rfc8 27. a6 Nb6 28.
g5 Nxc4 29. dxc4 Qxd1+ 30. Rxd1 Be7 31. Nxe5 Bxg5 32. Nxc6 Rxc6 33. Re5 f6 34.
Rb5 Ra8 35. Nc5 Bf5 36. Kh2 Bf4+ 37. Kg2 Bc8 38. Rd8+ Kf7 39. Kf3 Bd6 40. Bd4
Be7 41. Rd5 Bxh3 42. Rh5 Bf1 43. Ra5 Bxc4 44. a7 h6 45. Nd7 Bd8 46. Ra4 Bb3 47.
Rha5 Rd6 48. Nc5 Bxa4 49. Rxa4 Bb6 50. Be3 Rxa7 51. Rxa7+ Bxa7 52. Ne4 Rd7 53.
Bxa7 Rxa7 54. Nd6+ Kg6 55. Kg3 h5 56. f3 Ra4 57. f4 Ra3+ 58. Kf2 Rd3 59. Nb5
Kf5 60. Ke2 Rg3 61. Nd4+ Kxf4 62. Ne6+ Ke5 63. Kf2 Kxe6 64. Kxg3 h4+ 65. Kh3
Kf5 66. Kg2 h3+ 67. Kf3 h2 68. Ke3 h1=Q 69. Kd4 Qe4+ 70. Kc3 Qc4+ 71. Kxc4 g5
72. Kd4 Kf4 73. Kc4 g4 74. Kd3 g3 75. Ke2 f5 76. Kf1 Kf3 77. Ke1 g2 78. Kd2
g1=Q 79. Kc3 Ke4 80. Kc4 Qd4+ 81. Kb5 Kd5 82. Ka6 Kc6 83. Ka5 f4 84. Ka6 Qa4#
0-1

[Event "ICS rated standard match"]
[Site "204.178.125.65"]
[Date "2000.02.12"]
[Round "?"]
[White "Hossa"]
[Black "MartindelCampo"]
[Result "1-0"]
[WhiteElo "2278"]
[BlackElo "2133"]
[PlyCount "55"]

1. e4 c5 2. Nc3 Nc6 3. f4 e6 4. Nf3 a6 5. d4 cxd4 6. Nxd4 Qc7 7. Be3 b5 8. Nxc6
Qxc6 9. Qd3 Bb7 10. e5 Rc8 11. O-O-O b4 12. Ne2 Nh6 13. Kb1 Nf5 14. Bf2 Be7 15.
Ng3 Nxg3 16. hxg3 f5 17. exf6 Bxf6 18. Rxh7 Rxh7 19. Qg6+ Ke7 20. Qxh7 a5 21.
Bd4 Qe4 22. Bxf6+ Kxf6 23. Qh4+ Kf7 24. Qh5+ Ke7 25. Bd3 Qxg2 26. Qxa5 Ke8 27.
Qxb4 g5 28. Bg6+ 1-0

[Event "ICS rated standard match"]
[Site "204.178.125.65"]
[Date "2000.02.12"]
[Round "?"]
[White "Hossa"]
[Black "stormx"]
[Result "1-0"]
[WhiteElo "2284"]
[BlackElo "2086"]
[PlyCount "74"]

1. e4 d5 2. exd5 Nf6 3. d4 Nxd5 4. Nf3 e6 5. c4 Nf6 6. Be3 Bb4+ 7. Nbd2 Bxd2+
8. Qxd2 Bd7 9. Be2 Nc6 10. O-O Qe7 11. Ne5 O-O-O 12. Bf3 Qe8 13. Bxc6 Bxc6 14.
Qa5 a6 15. b4 Kb8 16. a4 Be4 17. f3 Bc6 18. Rfb1 Kc8 19. b5 b6 20. Qxa6+ Bb7
21. Qa7 h5 22. a5 bxa5 23. Rxa5 Nd7 24. Nc6 f6 25. Nxd8 Qxd8 26. Ra4 Nb6 27.
Rab4 h4 28. c5 Rh7 29. cxb6 g6 30. Rc1 h3 31. Rbc4 hxg2 32. bxc7 Rxc7 33. Rxc7+
Qxc7 34. Rxc7+ Kxc7 35. Bf4+ e5 36. dxe5 fxe5 37. Bxe5+ Kd7 1-0

[Event "ICS rated blitz match"]
[Site "204.178.125.65"]
[Date "2000.02.12"]
[Round "?"]
[White "Hossa"]
[Black "Amateur"]
[Result "0-1"]
[WhiteElo "2432"]
[BlackElo "2455"]
[PlyCount "94"]

1. e4 c6 2. c4 d5 3. exd5 cxd5 4. d4 Nf6 5. Nf3 Nc6 6. cxd5 Nxd5 7. Bc4 Bg4 8.
O-O e6 9. Re1 Be7 10. Nc3 Bxf3 11. Qxf3 Nxd4 12. Qe4 Nxc3 13. bxc3 Rc8 14. cxd4
Rxc4 15. Qxb7 O-O 16. Qxa7 Bb4 17. Rf1 Bc3 18. Rb1 Bxd4 19. Qb7 Qd6 20. Bd2
Rfc8 21. Be3 Be5 22. g3 Qa3 23. Qb3 Qa8 24. Rfc1 Bc3 25. Bd2 Rb4 26. Qc2 Rxb1
27. Rxb1 Bd4 28. Qb3 Qa7 29. Be1 h6 30. a3 e5 31. Qf3 Qa6 32. Rb7 Qg6 33. Bd2
Rc2 34. Rb8+ Kh7 35. Be3 Rc3 36. a4 Bxe3 37. fxe3 f6 38. Qa8 Rc1+ 39. Kg2 Qf5
40. Rh8+ Kg6 41. Qe8+ Kg5 42. h4+ Kg4 43. Qc8 Rxc8 44. Rxc8 Qf3+ 45. Kh2 Qxg3+
46. Kh1 Kh3 47. a5 Qg2# 0-1

[Event "ICS rated blitz match"]
[Site "204.178.125.65"]
[Date "2000.02.12"]
[Round "?"]
[White "kuminaama"]
[Black "Hossa"]
[Result "0-1"]
[WhiteElo "2180"]
[BlackElo "2417"]
[PlyCount "52"]

1. d4 d5 2. c4 e6 3. Nc3 Nf6 4. Bf4 dxc4 5. e3 Nd5 6. Bxc4 Nxf4 7. exf4 Bd6 8.
g3 O-O 9. Nf3 c5 10. O-O cxd4 11. Nxd4 Qb6 12. Nb3 Rd8 13. Qh5 g6 14. Qh4 Nc6
15. Rfd1 Be7 16. Rxd8+ Qxd8 17. Qh6 Bf8 18. Qg5 Qxg5 19. fxg5 Be7 20. h4 Bd7
21. Rd1 Rd8 22. Be2 Kg7 23. Bf3 Be8 24. Nb5 Ne5 25. Nc7 Nxf3+ 26. Kg2 Rxd1 0-1

[Event "ICS rated blitz match"]
[Site "204.178.125.65"]
[Date "2000.02.12"]
[Round "?"]
[White "kuminaama"]
[Black "Hossa"]
[Result "0-1"]
[WhiteElo "2151"]
[BlackElo "2427"]
[PlyCount "76"]

1. d4 d5 2. c4 e6 3. Nc3 Nf6 4. Bg5 Be7 5. e3 O-O 6. Rc1 Nbd7 7. Nf3 c6 8. Qc2
Nb6 9. c5 Nbd7 10. Bd3 Re8 11. O-O g6 12. h3 b6 13. b4 Bb7 14. Bf4 Bf8 15. Rb1
Bg7 16. Rfc1 b5 17. a4 bxa4 18. Qxa4 a6 19. Ra1 Nh5 20. Bh2 e5 21. dxe5 Nxe5
22. Nxe5 Bxe5 23. Bxe5 Rxe5 24. Ne2 Qf6 25. Nd4 Ree8 26. Qd1 Ng7 27. Qe2 Ne6
28. Nxe6 fxe6 29. Ra5 Rf8 30. Rf1 Qc3 31. Ra4 a5 32. Qc2 axb4 33. Qxc3 bxc3 34.
Rb4 Ba6 35. Bxa6 Rxa6 36. Rb3 Ra2 37. Rxc3 Rb8 38. h4 Rbb2 0-1

[Event "ICS rated standard match"]
[Site "204.178.125.65"]
[Date "2000.02.12"]
[Round "?"]
[White "tpapic"]
[Black "Hossa"]
[Result "0-1"]
[WhiteElo "2043"]
[BlackElo "2292"]
[PlyCount "100"]

1. e4 e5 2. Nf3 Nc6 3. Bb5 Nf6 4. d3 d6 5. Bxc6+ bxc6 6. Nc3 Be7 7. d4 exd4 8.
Nxd4 Bd7 9. O-O c5 10. Nb3 O-O 11. Bf4 Re8 12. Qd2 Nh5 13. Be3 Bf6 14. f3 Bxc3
15. Qxc3 f5 16. Qd2 Nf6 17. exf5 Bxf5 18. Bg5 Qe7 19. Rfe1 Qf7 20. Rad1 Nd7 21.
Bh4 Qc4 22. c3 Qxh4 23. Qd5+ Kh8 24. g3 Qh3 25. Nd2 Rab8 26. b3 Ne5 27. Re3 Re6
28. b4 Bc2 29. Rc1 c6 30. Qxe6 Qxe6 31. Rxc2 cxb4 32. cxb4 Qg6 33. Rb2 Nd3 34.
Rc2 Nxb4 35. Rb2 c5 36. a3 Na6 37. Rxb8+ Nxb8 38. Ne4 Qe6 39. Rd3 d5 40. Kf2 c4
41. Rd2 Qb6+ 42. Ke2 dxe4 43. fxe4 Nc6 44. Rd7 c3 45. Rd6 c2 46. Rd1 cxd1=Q+
47. Kxd1 Qe3 48. a4 Nd4 49. h3 Qd3+ 50. Kc1 Qc2# 0-1

[Event "ICS rated standard match"]
[Site "204.178.125.65"]
[Date "2000.02.12"]
[Round "?"]
[White "Hossa"]
[Black "Garri-Patzerov"]
[Result "1-0"]
[WhiteElo "2293"]
[BlackElo "2131"]
[PlyCount "49"]

1. e4 e5 2. Nf3 Nc6 3. Bb5 a6 4. Ba4 Be7 5. Bxc6 dxc6 6. O-O Bg4 7. Nc3 Nf6 8.
h3 Bxf3 9. Qxf3 O-O 10. d3 Bc5 11. Bg5 Qd6 12. Bxf6 Qxf6 13. Qxf6 gxf6 14. Ne2
Kg7 15. Ng3 Kg6 16. Nf5 Rad8 17. g3 Rd7 18. Kg2 Rg8 19. f4 h5 20. Rf3 Ba7 21.
Nh4+ Kh7 22. fxe5 fxe5 23. Rf5 Kh6 24. Nf3 Bd4 25. c3 1-0

[Event "ICS rated blitz match"]
[Site "204.178.125.65"]
[Date "2000.02.12"]
[Round "?"]
[White "Amateur"]
[Black "Hossa"]
[Result "1/2-1/2"]
[WhiteElo "2415"]
[BlackElo "2437"]
[PlyCount "150"]

1. e4 e5 2. Nf3 Nc6 3. Nc3 Nf6 4. Bb5 Nd4 5. Bc4 Bc5 6. Nxe5 Qe7 7. Nxf7 Rf8 8.
Ng5 h6 9. Nh3 d5 10. Nf4 dxc4 11. Ng6 Qe6 12. Nxf8 Kxf8 13. f3 Bd7 14. a3 Re8
15. d3 Kg8 16. dxc4 Qxc4 17. Bf4 Ba4 18. Rc1 Bxa3 19. Nxa4 Nxe4 20. Be3 Bxb2
21. fxe4 Bxc1 22. Qxd4 Qxd4 23. Bxd4 Rxe4+ 24. Kf2 Rxd4 25. Rxc1 Rxa4 26. Rb1
b6 27. Ke2 Ra2 28. Kd3 a5 29. Re1 Kf7 30. Rf1+ Ke8 31. Rf4 Ke7 32. Re4+ Kd6 33.
Rg4 g5 34. h4 Ke6 35. hxg5 hxg5 36. Rxg5 Kf6 37. Rg8 Ke5 38. Re8+ Kf5 39. Rf8+
Ke6 40. g4 Ra1 41. Re8+ Kd6 42. g5 Rg1 43. Rd8+ Ke6 44. Re8+ Kf7 45. Rc8 Kg6
46. Rg8+ Kh7 47. Rc8 Rg3+ 48. Kc4 Rg4+ 49. Kd3 c5 50. Rb8 Rb4 51. c3 Rg4 52.
Rxb6 Kg7 53. Rc6 Rxg5 54. Ra6 Rg4 55. Rxa5 c4+ 56. Ke3 Kf6 57. Rd5 Ke6 58. Rd4
Rg3+ 59. Kd2 Rd3+ 60. Rxd3 cxd3 61. Kxd3 Kd7 62. Kd4 Kd6 63. c4 Kc6 64. c5 Kc7
65. Kd5 Kd7 66. c6+ Kc7 67. Kc5 Kc8 68. Kb4 Kc7 69. Kb5 Kc8 70. Kc4 Kc7 71. Kd5
Kc8 72. Kd4 Kc7 73. Kd5 Kc8 74. Kc5 Kc7 75. Kd5 Kc8 1/2-1/2

[Event "ICS rated blitz match"]
[Site "204.178.125.65"]
[Date "2000.02.12"]
[Round "?"]
[White "Hossa"]
[Black "grobdigger"]
[Result "0-1"]
[WhiteElo "2436"]
[BlackElo "2092"]
[PlyCount "116"]

1. e4 e6 2. d4 d5 3. Nc3 Bb4 4. e5 b6 5. Qg4 Bf8 6. Bg5 Qd7 7. h4 h6 8. Be3 Ba6
9. O-O-O Bxf1 10. Rxf1 Nc6 11. Qe2 Na5 12. Qa6 Ne7 13. Nf3 Nec6 14. a3 Nc4 15.
Qb7 Rb8 16. Qa6 Be7 17. Nb5 O-O 18. Re1 N6a5 19. Nd2 c6 20. Nxc4 Nxc4 21. Nc3
b5 22. Bxh6 Rb6 23. Qxb6 Nxb6 24. Bg5 a5 25. Rh3 b4 26. Nb1 c5 27. dxc5 Bxc5
28. f4 Nc4 29. axb4 axb4 30. b3 Na3 31. g4 Nxb1 32. Kxb1 Ra8 33. Kc1 Qa7 34.
Kd2 Bd4 35. Rc1 Bb2 36. Rf1 Qd4+ 37. Ke2 Rc8 38. c4 dxc4 39. Rd1 Qe4+ 40. Kf1
c3 41. Re1 Qd5 42. Kg1 c2 43. f5 c1=Q 44. Bxc1 Rxc1 45. Rxc1 Bxc1 46. f6 Qxe5
47. Kg2 Qe2+ 48. Kg1 Be3+ 49. Rxe3 Qxe3+ 50. Kg2 Qxb3 51. fxg7 Qc3 52. g5 b3
53. h5 b2 54. g6 b1=Q 55. gxf7+ Kxf7 56. g8=Q+ Kxg8 57. Kh2 Qbb2+ 58. Kg1 Qcc1#
0-1

[Event "ICS rated blitz match"]
[Site "204.178.125.65"]
[Date "2000.02.12"]
[Round "?"]
[White "Hossa"]
[Black "Amateur"]
[Result "1/2-1/2"]
[WhiteElo "2408"]
[BlackElo "2416"]
[PlyCount "40"]

1. e4 c5 2. Nc3 Nc6 3. f4 g6 4. Nf3 Bg7 5. Bc4 Nh6 6. O-O O-O 7. d3 d6 8. Bd2
Nd4 9. Nxd4 Bxd4+ 10. Kh1 Bg4 11. Qc1 Bh5 12. f5 Ng4 13. fxg6 hxg6 14. Bh6 Nxh6
15. Qxh6 e6 16. Rab1 Qh4 17. Rf4 Qe7 18. Rff1 Qh4 19. Rf4 Qe7 20. Rff1 Qh4
1/2-1/2

[Event "ICS rated blitz match"]
[Site "204.178.125.65"]
[Date "2000.02.12"]
[Round "?"]
[White "Amateur"]
[Black "Hossa"]
[Result "1-0"]
[WhiteElo "2416"]
[BlackElo "2408"]
[PlyCount "131"]

1. e4 e5 2. Nf3 Nc6 3. Bb5 Nf6 4. d3 d6 5. O-O Be7 6. d4 exd4 7. Bxc6+ bxc6 8.
Nxd4 Bd7 9. Re1 O-O 10. Nc3 Re8 11. Bf4 Rb8 12. b3 d5 13. exd5 cxd5 14. Qd3 Bb4
15. Rxe8+ Bxe8 16. Re1 Bd7 17. a3 Bc5 18. b4 Bb6 19. Be5 Ra8 20. Qf3 c6 21. Nf5
Bxf5 22. Qxf5 Qd7 23. Qxd7 Nxd7 24. Bd6 Nf6 25. Bf4 a5 26. Na4 Bd4 27. Rd1 axb4
28. Rxd4 Rxa4 29. Rxb4 Rxb4 30. axb4 Ne4 31. Kf1 Nc3 32. g4 Nb5 33. Ke2 Na3 34.
Kd3 Kf8 35. Bc1 Nc4 36. Kd4 Ke7 37. Kc5 Kd7 38. b5 cxb5 39. Kxd5 Nd6 40. f3 Nb7
41. h4 Nd8 42. f4 g6 43. Bb2 Nb7 44. Ke5 Nd6 45. Kf6 Ke8 46. Kg7 Nc4 47. Bc1 b4
48. Kxh7 Na3 49. Kg8 Nxc2 50. h5 gxh5 51. gxh5 Nd4 52. h6 Nf5 53. h7 Ne7+ 54.
Kg7 Nf5+ 55. Kf6 Nd6 56. h8=Q+ Kd7 57. Qb8 b3 58. Ba3 Ne4+ 59. Kxf7 Kc6 60.
Qa8+ Kc7 61. Qxe4 Kb6 62. Qe6+ Ka5 63. Qxb3 Ka6 64. Bc5 Ka5 65. Qb4+ Ka6 66.
Qb6# 1-0

[Event "ICS rated blitz match"]
[Site "204.178.125.65"]
[Date "2000.02.12"]
[Round "?"]
[White "Amateur"]
[Black "Hossa"]
[Result "1-0"]
[WhiteElo "2432"]
[BlackElo "2378"]
[PlyCount "123"]

1. c4 e5 2. Nc3 Nf6 3. Nf3 Nc6 4. g3 Bb4 5. Bg2 O-O 6. O-O e4 7. Ng5 Bxc3 8.
dxc3 Re8 9. Qc2 Qe7 10. Bf4 d6 11. Qb3 h6 12. Nh3 Qe6 13. c5 Qxb3 14. axb3 g5
15. Be3 d5 16. Rfd1 Bg4 17. Re1 Ne5 18. Bd4 Nfd7 19. Ra4 f5 20. Be3 Re6 21. Rd4
c6 22. Ra4 Rg6 23. c4 f4 24. gxf4 Bxh3 25. fxe5 Bxg2 26. Kxg2 Nxe5 27. cxd5
cxd5 28. Rd1 Ng4 29. Rxd5 b6 30. Bd4 bxc5 31. Bxc5 a6 32. Rxe4 Nf6 33. Re6 Nxd5
34. Rxg6+ Kh7 35. Rd6 Nf4+ 36. Kf3 Ng6 37. Kg4 Nf4 38. e3 Ng6 39. Kh5 Nh4 40.
Rxh6+ Kg8 41. f4 Nf3 42. fxg5 Rc8 43. Bd6 Re8 44. Bf4 a5 45. Ra6 Nd2 46. Rxa5
Nxb3 47. Rb5 Nd2 48. Rb8 Rxb8 49. Bxb8 Nc4 50. b4 Nxe3 51. b5 Nc4 52. Kg6 Nd2
53. h4 Nb3 54. h5 Kf8 55. h6 Ke7 56. h7 Ke6 57. h8=Q Kd5 58. Qg8+ Kc5 59. Qxb3
Kd4 60. Kf5 Kc5 61. Bc7 Kd4 62. Bb6# 1-0

[Event "ICS rated blitz match"]
[Site "204.178.125.65"]
[Date "2000.02.12"]
[Round "?"]
[White "Hossa"]
[Black "BinaryLogic"]
[Result "1/2-1/2"]
[WhiteElo "2364"]
[BlackElo "1992"]
[PlyCount "44"]

1. e4 c5 2. Nf3 d6 3. d4 cxd4 4. Nxd4 Nf6 5. Nc3 a6 6. Bg5 e6 7. f4 Be7 8. Qf3
Qc7 9. O-O-O Nbd7 10. g4 b5 11. Bxf6 Nxf6 12. g5 Nd7 13. a3 Nc5 14. Rg1 Rb8 15.
f5 b4 16. axb4 Rxb4 17. f6 gxf6 18. gxf6 Bf8 19. Na2 Ra4 20. Nc3 Rb4 21. Na2
Ra4 22. Nc3 Rb4 1/2-1/2

[Event "ICS rated blitz match"]
[Site "204.178.125.65"]
[Date "2000.02.12"]
[Round "?"]
[White "BinaryLogic"]
[Black "Hossa"]
[Result "0-1"]
[WhiteElo "2005"]
[BlackElo "2351"]
[PlyCount "50"]

1. e4 e5 2. d4 exd4 3. Qxd4 Nc6 4. Qe3 Nf6 5. Nc3 Bb4 6. Bd2 O-O 7. O-O-O Re8
8. Qg3 Nxe4 9. Nxe4 Rxe4 10. c3 Be7 11. Bd3 Bh4 12. Qf3 Re8 13. Ne2 Ne5 14. Qe4
Nxd3+ 15. Qxd3 Bxf2 16. Rdf1 Bc5 17. h4 d6 18. h5 Bg4 19. Nf4 h6 20. Qc4 Qf6
21. Qb3 Bb6 22. Ng6 Qe6 23. Qxe6 Bxe6 24. Nf4 Bxa2 25. Rh3 Bc4 0-1

[Event "ICS rated blitz match"]
[Site "204.178.125.65"]
[Date "2000.02.12"]
[Round "?"]
[White "Hossa"]
[Black "BinaryLogic"]
[Result "1/2-1/2"]
[WhiteElo "2355"]
[BlackElo "2001"]
[PlyCount "43"]

1. e4 c5 2. Nf3 d6 3. d4 cxd4 4. Nxd4 Nf6 5. Nc3 a6 6. Bg5 e6 7. f4 Be7 8. Qf3
Qc7 9. O-O-O Nbd7 10. g4 b5 11. Bxf6 Nxf6 12. g5 Nd7 13. a3 Nc5 14. Rg1 Rb8 15.
f5 b4 16. axb4 Rxb4 17. f6 gxf6 18. gxf6 Bf8 19. Na2 Ra4 20. Nc3 Rb4 21. Na2
Ra4 22. Nc3 1/2-1/2

[Event "ICS rated blitz match"]
[Site "204.178.125.65"]
[Date "2000.02.12"]
[Round "?"]
[White "BinaryLogic"]
[Black "Hossa"]
[Result "0-1"]
[WhiteElo "2010"]
[BlackElo "2343"]
[PlyCount "66"]

1. e4 e5 2. d4 exd4 3. Qxd4 Nc6 4. Qe3 Nf6 5. Nc3 Bb4 6. Bd2 O-O 7. O-O-O Re8
8. Qg3 Rxe4 9. Nxe4 Nxe4 10. Qe3 Bxd2+ 11. Rxd2 Nxd2 12. Qxd2 Qe7 13. Bc4 Qc5
14. Bb3 Nd4 15. f4 Nxb3+ 16. axb3 d5 17. Nf3 Bf5 18. Re1 Be4 19. Ne5 Re8 20. g4
Qb5 21. g5 c5 22. Qc3 a6 23. h4 b6 24. h5 Re6 25. h6 d4 26. Qh3 Bd5 27. f5 Qa5
28. Qh4 Re8 29. g6 fxg6 30. fxg6 gxh6 31. gxh7+ Kxh7 32. Qf2 Be6 33. Rh1 Qa1+
0-1

[Event "ICS rated blitz match"]
[Site "204.178.125.65"]
[Date "2000.02.12"]
[Round "?"]
[White "Hossa"]
[Black "BinaryLogic"]
[Result "1-0"]
[WhiteElo "2347"]
[BlackElo "1991"]
[PlyCount "57"]

1. e4 c5 2. Nc3 Nc6 3. f4 g6 4. Nf3 Bg7 5. Bc4 e6 6. O-O Nge7 7. d3 d5 8. Bb3
O-O 9. Qe1 Na5 10. Ba4 a6 11. Bd2 Nac6 12. Rd1 b5 13. exd5 exd5 14. Bb3 c4 15.
Nxd5 Nxd5 16. dxc4 bxc4 17. Bxc4 Nb6 18. Bb4 Qc7 19. Bxf8 Bxf8 20. Bb3 Bg4 21.
Qh4 Bxf3 22. Rxf3 Bg7 23. Rh3 h5 24. f5 Rd8 25. Rxd8+ Nxd8 26. fxg6 Nd5 27.
Bxd5 Qc5+ 28. Kh1 Qxd5 29. Rd3 1-0

[Event "ICS rated blitz match"]
[Site "204.178.125.65"]
[Date "2000.02.12"]
[Round "?"]
[White "BinaryLogic"]
[Black "Hossa"]
[Result "0-1"]
[WhiteElo "1987"]
[BlackElo "2351"]
[PlyCount "34"]

1. e4 e5 2. d4 exd4 3. Qxd4 Nc6 4. Qe3 Nf6 5. Nc3 Bb4 6. Bd2 O-O 7. O-O-O Re8
8. Qg3 Nxe4 9. Nxe4 Rxe4 10. c3 Bd6 11. Qf3 Re8 12. g4 Bc5 13. h4 Qe7 14. Nh3
d6 15. Ng5 h6 16. Bg2 Ne5 17. Qg3 Bxf2 0-1

[Event "ICS rated blitz match"]
[Site "204.178.125.65"]
[Date "2000.02.12"]
[Round "?"]
[White "Hossa"]
[Black "BinaryLogic"]
[Result "1-0"]
[WhiteElo "2355"]
[BlackElo "1983"]
[PlyCount "37"]

1. e4 c5 2. Nc3 Nc6 3. f4 g6 4. Nf3 Bg7 5. Bc4 e6 6. O-O Nge7 7. Qe1 O-O 8. d3
d5 9. Bb3 a6 10. Ne5 Na5 11. Qg3 Nxb3 12. axb3 Nc6 13. Nxc6 bxc6 14. Na4 c4 15.
bxc4 dxe4 16. dxe4 c5 17. Be3 Bd4 18. c3 Bxe3+ 19. Qxe3 1-0

[Event "ICS rated blitz match"]
[Site "204.178.125.65"]
[Date "2000.02.12"]
[Round "?"]
[White "BinaryLogic"]
[Black "Hossa"]
[Result "0-1"]
[WhiteElo "1975"]
[BlackElo "2358"]
[PlyCount "26"]

1. e4 e5 2. Nf3 Nc6 3. Bb5 Nf6 4. O-O Bc5 5. c3 O-O 6. d4 Bb6 7. Bxc6 dxc6 8.
Re1 Bg4 9. h3 Bxf3 10. Qxf3 exd4 11. Bg5 Re8 12. e5 Qd5 13. Qg3 Ne4 0-1

[Event "ICS rated blitz match"]
[Site "204.178.125.65"]
[Date "2000.02.12"]
[Round "?"]
[White "Hossa"]
[Black "petur3"]
[Result "1-0"]
[WhiteElo "2361"]
[BlackElo "2089"]
[PlyCount "57"]

1. e4 c5 2. c3 e6 3. d4 d5 4. exd5 exd5 5. Nf3 Nc6 6. Bb5 Bd6 7. O-O Nge7 8.
dxc5 Bxc5 9. Nbd2 O-O 10. Nb3 Bb6 11. Bg5 Bg4 12. Re1 Re8 13. Qd3 a6 14. Bxc6
bxc6 15. Ne5 Bd7 16. Rad1 f6 17. Nxd7 Qxd7 18. Be3 Bxe3 19. Qxe3 Nf5 20. Qd3
Re5 21. Nc5 Qa7 22. Rxe5 fxe5 23. Qxf5 Qxc5 24. Qxe5 Rf8 25. Qe6+ Kh8 26. Rd4
h6 27. Qd7 Qb5 28. Qe7 Rf6 29. Rg4 1-0

[Event "ICS rated blitz match"]
[Site "204.178.125.65"]
[Date "2000.02.12"]
[Round "?"]
[White "petur3"]
[Black "Hossa"]
[Result "1/2-1/2"]
[WhiteElo "2083"]
[BlackElo "2367"]
[PlyCount "100"]

1. d4 d5 2. c4 e6 3. Nc3 Nf6 4. cxd5 Nxd5 5. e4 Nxc3 6. bxc3 c5 7. Nf3 cxd4 8.
cxd4 Nc6 9. Be2 Qa5+ 10. Bd2 Bb4 11. Bxb4 Qxb4+ 12. Qd2 Qxd2+ 13. Kxd2 O-O 14.
Rhd1 Rd8 15. Ke3 Rd6 16. Rac1 Rb8 17. Bb5 Nb4 18. a3 Na6 19. Ne5 f6 20. Nc4 Rd8
21. Bxa6 bxa6 22. Rb1 Bd7 23. d5 Rxb1 24. Rxb1 Bb5 25. Kd4 Kf7 26. Ne3 h6 27.
f4 g6 28. Rc1 Rd7 29. g3 a5 30. h4 a4 31. Rc5 a6 32. e5 fxe5+ 33. Kxe5 exd5 34.
Nxd5 h5 35. Rc7 Rxc7 36. Nxc7 Bc4 37. Na8 Bb5 38. Nb6 Kg7 39. Ke6 Be8 40. Ke7
Bb5 41. Nd5 Bd3 42. Nc7 Bc4 43. Ne6+ Kh7 44. Kf6 Kh6 45. Nd8 Bd5 46. Nf7+ Kh7
47. Ne5 Be4 48. Nf7 Bd5 49. Nd6 Kh6 50. Nf7+ Kh7 1/2-1/2

[Event "ICS rated blitz match"]
[Site "204.178.125.65"]
[Date "2000.02.12"]
[Round "?"]
[White "Hossa"]
[Black "petur3"]
[Result "1-0"]
[WhiteElo "2356"]
[BlackElo "2094"]
[PlyCount "20"]

1. e4 e6 2. d4 d5 3. e5 c5 4. c3 Nc6 5. Nf3 Bd7 6. Be2 Qc7 7. O-O f6 8. Bf4
Nge7 9. Bg3 f5 10. Na3 c4 1-0